Los espacios regionales en el marco de la Comunidad Europea (Record no. 19058)

MARC details
000 -LEADER
campo de control de longitud fija 01105nam a2200253 i 4500
001 - NÚMERO DE CONTROL
campo de control 19058
003 - IDENTIFICADOR DE NÚMERO DE CONTROL
campo de control ES-MaACL
005 - FECHA Y HORA DE LA ÚLTIMA TRANSACCIÓN
campo de control 20250507063017.0
007 - CAMPO FIJO DE DESCRIPCIÓN FÍSICA--INFORMACIÓN GENERAL
campo de control de longitud fija t|
008 - DATOS DE LONGITUD FIJA--INFORMACIÓN GENERAL
campo de control de longitud fija 020530s1990 sp ||||1| spa d
020 ## - NÚMERO INTERNACIONAL ESTÁNDAR DEL LIBRO
Número Internacional Estándar del Libro 84-453-0191-8
080 ## - NÚMERO DE LA CLASIFICACIÓN DECIMAL UNIVERSAL
Número de la Clasificación Decimal Universal 339.92 (4-672 CE)
100 1# - ENTRADA PRINCIPAL--NOMBRE DE PERSONA
Nombre de persona Fraga Iribarne, Manuel,
Fechas asociadas al nombre 1922-2012
9 (RLIN) 193721
245 14 - MENCIÓN DEL TÍTULO
Título Los espacios regionales en el marco de la Comunidad Europea
Resto del título : discurso de clausura del Congreso sobre "los espacios regionales en el marco de la Comunidad Europea", Compostela, 2-XII-1990 /
Mención de responsabilidad, etc. Manuel Fraga Iribarne.
260 ## - PUBLICACIÓN, DISTRIBUCIÓN, ETC.
Lugar de publicación, distribución, etc. [Santiago de Compostela] :
Nombre del editor, distribuidor, etc. Xunta de Galicia,
Fecha de publicación, distribución, etc. [1990]
300 ## - DESCRIPCIÓN FÍSICA
Extensión 27 p. ;
Dimensiones 24 cm.
490 1# - MENCIÓN DE SERIE
Mención de serie Textos de la Presidencia de la Xunta de Galicia
651 #4 - PUNTO DE ACCESO ADICIONAL DE MATERIA--NOMBRE GEOGRÁFICO
Nombre geográfico Países de la Unión Europea-
Subdivisión general Situación económica.
9 (RLIN) 9180
710 1# - ENTRADA AGREGADA--NOMBRE DE ENTIDAD CORPORATIVA
Nombre de entidad corporativa o nombre de jurisdicción como elemento de entrada Galicia.
Unidad subordinada Junta.
9 (RLIN) 4460
711 2# - ENTRADA AGREGADA--NOMBRE DE REUNIÓN
Nombre de congreso/reunión o jurisdicción como elemento de entrada Congreso sobre Espacios Regionales en el Marco de la Comunidad Europea (
Fecha del congreso o de la firma del tratado 1990.
Sede del congreso/Lugar de la reunión Compostela)
9 (RLIN) 579
830 0# - PUNTO DE ACCESO ADICIONAL DE SERIE-TÍTULO UNIFORME
Título uniforme Textos de la Presidencia de la Xunta de Galicia
9 (RLIN) 180543
852 ## - LOCALIZACIÓN
Ubicación ES-MaACL
Número de control de estantería 2166-F-7
Sublocalización o colección R.130995
Holdings
Estatus retirado Estado de pérdida Estado de daño No para préstamo Colección Biblioteca de origen Biblioteca actual Ubicación en estantería Fecha de adquisición Fuente de adquisición Total de préstamos Signatura topográfica completa Código de barras Visto por última vez Precio de reemplazo Tipo de ítem Koha
        Colección de folletos Biblioteca del Ateneo de Madrid Biblioteca del Ateneo de Madrid Depósito folletos 17/01/2008     2166-F-7 1019502 23/02/2023 23/02/2023 Folleto